Score 0/24 Timer 04:00
4 Plays Today
5-Letter Word % Correct
PParis
96%
Gguess
93.7%
TTexas
93%
Cchaos
92.9%
SSeuss
90.8%
MMidas
90.1%
Aadios
90.1%
Ddress
89.3%
WWales
88.8%
Vvirus
87.7%
LLewis
83.2%
HHayes
74.6%
5-Letter Word % Correct
Bbless
70.5%
Ffocus
69.1%
YYeats
65.5%
Eethos
61.8%
JJanus
48.9%
NNexus
47.2%
Zzooks
43.4%
KKelis
36.5%
Rrebus
36.4%
Iincus
30.1%
OOdets
14.7%
UUncas
12.9%
Remove Ads.
Support Sporcle.
Get the best of Sporcle when you Go Orange. This ad-free experience offers more features, more stats, and more fun while also helping to support Sporcle. Thank you for becoming a member.

You're not logged in!

Compare scores with friends on all Sporcle quizzes.
OR
Log In

Sporcle TV

Today on Sporcle TV


Watch our educational content, quiz creation guides, and fun videos on Sporcle TV.

Show Comments

Extras

Top Quizzes Today


Score Distribution

Paid Content

Your Account Isn't Verified!

In order to create a playlist on Sporcle, you need to verify the email address you used during registration. Go to your Sporcle Settings to finish the process.

Report this User

Report this user for behavior that violates our Community Guidelines.

Details: